000 00547cam a22001812 4500
001 000011520
005 20200929162459.0
008 910618s1950 sp 000 0 spa
010 _altf91069466
040 _aDO-SdBNP
_cDLC
_dDLC
050 0 0 _a4PS 416
100 1 _aStowe, Harriet Beecher,
_d1811-1896.
_927250
245 1 3 _aLa cabana del Tio Tom. /
_cTraduccion directa del ingles, prologo y notas por Antonio Guardiola.
250 _a[2. ed.
260 _aMadrid, :
_bAguilar,
_c1950].
300 _a627 p.
910 _aCatalogación derivada
999 _c11217
_d11217